Score 0/26 Timer 03:00
0 Plays Today
Title Word % Correct
Hard To ______Love
91.2%
Even If It ______ Your HeartBreaks
82.8%
I Don’t Want This ______ To EndNight
81.1%
You Don’t ______ Her Like I DoKnow
79.2%
______ I Come FromWhere
77.6%
______ Than I Used To BeBetter
71.9%
A ______ Like YouWoman
71.1%
Somethin’ ‘Bout A ______Truck
71%
Cowboys and ______Angels
68%
Drink In My ______Hand
68%
Love’s Gonna ______ It AlrightMake
66.6%
Keep Me In ______Mind
66.5%
Tattoos On This ______Town
65.9%
Title Word % Correct
Angel ______Eyes
61%
______ On YouDrunk
54.3%
Dancin’ ______ With My HeartAway
52%
______ Is LoveTime
51%
Postcard From ______Paris
47.4%
______ On ItDrink
45.5%
Take A Little ______Ride
45.4%
______ GirlGood
45.3%
Let It ______Rain
44.1%
______ Girl In TownFastest
42.9%
______ With YouAlone
41.3%
(______ You) Good NightKissed
36.6%
You Gonna ______Fly
27.1%

Today's Daily Dose

Missing Word
'T' Pairs

Word Ladder
Game Pieces

Get the Picture
Baseball Movies

Remove Ads.
Support Sporcle.
Get the best of Sporcle when you Go Orange. This ad-free experience offers more features, more stats, and more fun while also helping to support Sporcle. Thank you for becoming a member.

You're not logged in!

Compare scores with friends on all Sporcle quizzes.
OR
Log In

Show Comments

Extras

Top Quizzes Today


Score Distribution

Your Account Isn't Verified!

In order to create a playlist on Sporcle, you need to verify the email address you used during registration. Go to your Sporcle Settings to finish the process.

Report this User

Report this user for behavior that violates our Community Guidelines.

Details: